000 00337nam a22001457a 4500
020 _a81-7478-637-6
082 _a920
_bSRI/S
100 _aSRINIVASAN,ARCHANA
245 _a16TH AND 17TH CENTURY ENGLISH WRITERS
250 _a2005
260 _aCHENNAI
_bSURA BOOKS
_c2005
300 _a92
650 _aBIOGRAPHIES
_zCHENNAI
942 _cBK
999 _c6439
_d6439